000 00836nam a2200229 a 4500
999 _c1487
_d1487
001 1487
003 BD-JhCC
005 20181125134015.0
008 171019s2007 bg |||| ||a| 000 0 ben d
020 _a9844105749
035 _a(BD-JhCC)1487
040 _aBD-JhCC
_dBD-JhCC
041 _aben
082 _a891.443
_bSAH 2007
100 _aসাহিত্যে নারীর জীবন ও পরিসর /
245 _aসাহিত্যে নারীর জীবন ও পরিসর /
_cসেলিনা হোসেন, বিশ্বজিত ঘোষ, মাসুদুজ্জামান, সম্পাদনা
260 _aঢাকা :
_bমাওলা ব্রাদার্স,
_c2007
300 _a294 p. :
_c24 cm.
650 _aBengali Novel
942 _2ddc
_cBK
_02